000 00802nam a2200277 a 4500
003 AR-BaBNM
005 20251128203310.0
008 082120s2002 ||||||||||||||000 | spa||
020 _a950-525-066-5
040 _cAR-BaBNM
100 1 _aBerthoud, Susana
245 0 0 _aReflexiones en torno a la educación personalizada
_borganización escolar y aprendizaje
250 _a1ª ed.
260 _aBuenos Aires
_bStella
_c1988
300 _a32 p.
_btablas
490 0 _aCuadernos pedagógicos
_vv. 3
500 _aApéndices en p. 25-29
650 4 _aINTEGRACION ESCOLAR
650 4 _aROL DEL DOCENTE
650 4 _aCOORDINACION EDUCACIONAL
650 4 _aFILOSOFIA DE LA EDUCACION
653 _aEDUCACION PERSONALIZADA
653 _aINSTITUCIONES EDUCATIVAS
942 _cBK
998 _cMarce
999 _c2782
_d2782